Research (Record no. 106056)
[ view plain ]
| 000 -LEADER | |
|---|---|
| fixed length control field | 01307cam a2200241 4500 |
| 001 - CONTROL NUMBER | |
| control field | ##L135429 |
| 008 - FIXED-LENGTH DATA ELEMENTS--GENERAL INFORMATION | |
| fixed length control field | 061026n2006 000 0 eng u |
| 035 ## - SYSTEM CONTROL NUMBER | |
| System control number | (Sirsi) u135429 |
| 041 0# - LANGUAGE CODE | |
| Language code of text/sound track or separate title | eng |
| 050 04 - LIBRARY OF CONGRESS CALL NUMBER | |
| Classification number | 338.47624 $2 18 |
| 110 2# - MAIN ENTRY--CORPORATE NAME | |
| Corporate name or jurisdiction name as entry element | Colliers CRE |
| 9 (RLIN) | 5075 |
| 245 00 - TITLE STATEMENT | |
| Title | Research |
| Remainder of title | real estate investment forecasts 06 |
| -- | 2nd Quarter |
| 260 3# - PUBLICATION, DISTRIBUTION, ETC. | |
| Place of publication, distribution, etc. | London |
| Name of publisher, distributor, etc. | Colliers CRE |
| Date of publication, distribution, etc. | 2006 |
| 490 #0 - SERIES STATEMENT | |
| Series statement | Real Estate Investment Forecasts |
| Volume/sequential designation | 2nd quarter 2006 |
| 505 1# - FORMATTED CONTENTS NOTE | |
| Formatted contents note | All property forecasts -- Retail: high street -- Retail: shopping centres -- Retail: out of town -- All retail -- Offices -- Industrial -- REITs |
| 520 ## - SUMMARY, ETC. | |
| Summary, etc. | Notes that the economy has seen a pick up in activity over the first six months of 2006 and is now growing back at its long term trend rate. Colliers CRE predict all property total returns of 17.1% by the end of the year, while offices will be the top performing sector with returns of 23.9%. |
| 590 ## - LOCAL NOTE (RLIN) | |
| Local note | IKA311006 NTK |
| 650 24 - SUBJECT ADDED ENTRY--TOPICAL TERM | |
| Topical term or geographic name entry element | COLLIERS CRE REAL ESTATE INVESTMENT FORECAST |
| 651 #4 - SUBJECT ADDED ENTRY--GEOGRAPHIC NAME | |
| Geographic name | United Kingdom |
| 690 ## - LOCAL SUBJECT ADDED ENTRY--TOPICAL TERM (OCLC, RLIN) | |
| Topical term or geographic name as entry element | PROPERTY-COMMERCIAL PROPERTY-COMMERCIAL PROPERTY MARKET |
| 856 40 - ELECTRONIC LOCATION AND ACCESS | |
| Uniform Resource Identifier | <a href="https://www.colliers.com/Content/Repositories/Base/Markets/UnitedKingdom/English/Market_Report/PDFs/REIFQ22006FINAL.pdf ">https://www.colliers.com/Content/Repositories/Base/Markets/UnitedKingdom/English/Market_Report/PDFs/REIFQ22006FINAL.pdf </a> |
| Public note | View the item free of charge at www.collier.com... |
| 942 ## - ADDED ENTRY ELEMENTS (KOHA) | |
| Suppress in OPAC | 0 |
| Withdrawn status | Lost status | Source of classification or shelving scheme | Damaged status | Not for loan | Home library | Current library | Shelving location | Date acquired | Total Checkouts | Full call number | Barcode | Date last seen | Copy number | Price effective from | Koha item type |
|---|---|---|---|---|---|---|---|---|---|---|---|---|---|---|---|
| Dewey Decimal Classification | Virtual | Virtual | Online | 26/10/2006 | ONLINE PUBLICATION | 135429-2001 | 06/08/2019 | 1 | 06/08/2019 | Book |